| 000 | 01153namaa22003131i 4500 | ||
|---|---|---|---|
| 003 | EG-GICUC | ||
| 005 | 20260111095841.0 | ||
| 008 | 260111s2008 iq ||||jr|||| 000 0 ara d | ||
| 040 |
_aEG-GiCUC _bara _cEG-GiCUC _dEG-GiCUC _erda |
||
| 082 | 0 | 4 |
_221 _a320.531 _bA1351 |
| 092 | 0 | 4 |
_221 _a320.531 _bA1351 |
| 099 | _a320.531 A1351 | ||
| 100 | 1 |
_aعبد الجبار، فالح _eمؤلف. |
|
| 245 | 1 | 2 |
_aالتوتاليتارية / _cفالح عبد الجبار ؛ ترجمة حسنى زينه |
| 250 | _aالطبعة الاولى | ||
| 264 |
_aبغدار (العراق) : _bمعهد دراسات عراقية، _c2008. |
||
| 300 |
_a69 : صفحة _bإيضاحيات، _c20 سم |
||
| 336 |
_2rdacontent _atext |
||
| 337 |
_2rdamedia _aUnmediated |
||
| 338 |
_2rdacarrier _avolume |
||
| 504 | _aيشتمل على ارجاعات ببليوجرافية. | ||
| 541 |
_aد. جابر عصفور ؛ _bالقاهرة ؛ _cإهداء ؛ _d2024. |
||
| 650 | 1 | 7 |
_aالنظم السياسية _2qrmak |
| 650 | 1 | 7 |
_aالاشتراكية _2qrmak |
| 651 | 1 | _2qrmak | |
| 700 | 1 |
_aزينه، حسنى _eمترجم. |
|
| 905 | _aNermeen | ||
| 942 |
_2ddc _cBK _e21 _n0 |
||
| 999 |
_c177562 _d177562 |
||